000 00520nmm a2200169Ia 4500
008 251105s9999||||xx |||||||||||||||||und||
020 _a9788498300765
041 _aspa
100 _aRuiz Olabuénaga, José Ignacio
245 0 _aSociología de las Organizaciones Complejas
264 _a[Madrid, España] :
_bUniversidad de Deusto,
_c2007
300 _a304 páginas
490 _aGranate - Serie Ciencias Sociales
650 _aSociology
856 _uhttps://public.digitaliapublishing.com/a/14654
942 _cCF
999 _c91551
_d91551